[Event "Nordic-chT"]
[Site "Slupsk"]
[Date "1987.??.??"]
[Round "1"]
[White "Hawelko, Marek"]
[Black "Cramling, Dan"]
[Result "1-0"]
[WhiteElo "2440"]
[BlackElo "2430"]

1.e4 c5 2.Nf3 e6 3.d4 cxd4 4.Nxd4 a6 5.Bd3 Nf6 6.O-O Qc7 7.Qe2 d6 8.c4 Nbd7
9.f4 g6 10.f5 e5 11.Nc2 Be7 12.Nc3 gxf5 13.exf5 b6 14.Ne3 Bb7 15.Ned5 Nxd5
16.Nxd5 Bxd5 17.cxd5 b5 18.a4 b4 19.Be3 Qa5 20.Rfc1 Rg8 21.Rc6 Qxd5 22.Rxa6 Rxa6
23.Bxa6 Bd8 24.Bb5 Ke7 25.Rc1 Nf6 26.Bc6 Qb3 27.h3 Nd5 28.Bc5 f6 29.Qd2 Rxg2+
30.Qxg2 dxc5 31.Qg7+  1-0

[Event "Nordic-chT"]
[Site "Slupsk"]
[Date "1987.??.??"]
[Round "4"]
[White "Ebeling, Mika"]
[Black "Akesson, Ralf"]
[Result "1-0"]
[WhiteElo "2315"]
[BlackElo "2430"]

1.e4 c5 2.Nf3 e6 3.d4 cxd4 4.Nxd4 a6 5.Bd3 Bc5 6.Nb3 Ba7 7.O-O Nc6 8.Qe2 d6
9.Be3 Nf6 10.c4 Bxe3 11.Qxe3 e5 12.Nc3 Be6 13.Rac1 O-O 14.Rfd1 Qb8 15.Nd5 Bxd5
16.cxd5 Ne7 17.Qb6 Nc8 18.Qc7 Qa7 19.Na5 Rb8 20.Rc2 Ne8 21.Qc3 Ne7 22.Qb4 f5
23.exf5 Nxf5 24.Bxf5 Rxf5 25.Qg4 g6 26.Nc4 Rc8 27.Qe2 Rf7 28.Rdc1 Rfc7 29.Ne3 Qb6
30.h4 Kf7 31.Nc4 Rxc4 32.Rxc4 Rxc4 33.Rxc4 Nf6 34.Qd2 Qb5 35.Rc7+  1-0

[Event "Tatran Cup"]
[Site "Stary Smokovec"]
[Date "1987.??.??"]
[Round "?"]
[White "Gross, Stefan"]
[Black "Plachetka, Jan"]
[Result "0-1"]
[WhiteElo "2430"]
[BlackElo "2430"]

1.e4 c5 2.Nf3 e6 3.d4 cxd4 4.Nxd4 a6 5.Bd3 Nf6 6.Qe2 d6 7.Nc3 Be7 8.Be3 Qc7
9.g4 b5 10.g5 Nfd7 11.h4 Nc5 12.a3 Bb7 13.f4 Nc6 14.Nf3 b4 15.axb4 Nxb4 16.h5 f6
17.h6 g6 18.gxf6 Bxf6 19.e5 Ncxd3+ 20.cxd3 dxe5 21.fxe5 Bxe5 22.Rc1 Bg3+
23.Bf2 O-O 24.Na2 Bxf2+ 25.Kxf2 Qb6+  0-1

[Event "SWE-ch"]
[Site "Stockholm"]
[Date "1987.??.??"]
[Round "?"]
[White "Hellers, Ferdinand"]
[Black "Cramling, Pia"]
[Result "1/2-1/2"]
[WhiteElo "2465"]
[BlackElo "2455"]

1.e4 c5 2.Nf3 e6 3.d4 cxd4 4.Nxd4 a6 5.Bd3 Nf6 6.O-O Qc7 7.Kh1 Bc5 8.c3 Nc6
9.f4 d6 10.Nxc6 bxc6 11.Nd2 e5 12.fxe5 dxe5 13.Qe1 Be6 14.Qg3 Ng4 15.h3 h5
16.Nf3 Qd8 17.Be2 Bf2 18.Rxf2 h4 19.Qxg4 Bxg4 20.hxg4 Qb6 21.Rf1 f6 22.b4 a5
23.b5 cxb5 24.Rb1 b4 25.cxb4 h3 26.Bd2 Qe6 27.bxa5 hxg2+ 28.Kxg2 Qxg4+ 29.Kf2 Rh3
30.Rg1 Qxe4 31.Rb4 Qc2  1/2-1/2

[Event "Timisoara"]
[Site "Timisoara"]
[Date "1987.??.??"]
[Round "?"]
[White "Barbulescu, Dan"]
[Black "Gheorghiu, Florin"]
[Result "1/2-1/2"]
[WhiteElo "2465"]
[BlackElo "2540"]

1.e4 c5 2.Nf3 e6 3.d4 cxd4 4.Nxd4 a6 5.Bd3 Nf6 6.O-O Qc7 7.c4 Nc6 8.Nxc6 dxc6
9.Be3 e5 10.f3 Nd7 11.Nc3 Bc5 12.Bxc5 Nxc5 13.Rf2 a5 14.Bf1 O-O 15.Qe1 Rd8
16.Rd1 Rxd1 17.Nxd1 Be6 18.Qe3 Rd8 19.Rd2 b6 20.Kf2 Bc8 21.g3 Ne6 22.Bh3 Nc5
23.Bxc8 Qxc8 24.Ke2 g6 25.Nf2 h5 26.Rxd8+ Qxd8 27.Nd3 Nxd3 28.Qxd3  1/2-1/2

[Event "Timisoara"]
[Site "Timisoara"]
[Date "1987.??.??"]
[Round "?"]
[White "Barbulescu, Dan"]
[Black "Ionescu, Constantin"]
[Result "0-1"]
[WhiteElo "2465"]
[BlackElo "2520"]

1.e4 c5 2.Nf3 e6 3.d4 cxd4 4.Nxd4 a6 5.Bd3 Nf6 6.O-O d6 7.c4 b6 8.Nc3 Bb7
9.f4 g6 10.f5 gxf5 11.Bg5 Rg8 12.Nf3 Nbd7 13.exf5 Bxf3 14.Bxf6 Rxg2+ 15.Kh1 Rf2+
16.Qxf3 Rxf3 17.Bxd8 Rxd3 18.Bg5 h6 19.fxe6 fxe6 20.Bf4 Rc8 21.Rae1 e5 22.Re4 Nc5
23.Re2 Nd7 24.Re4 Nf6 25.Bxh6 Be7 26.Rh4 Ng8 27.Bg5 Bxg5 28.Rg4 Ne7 29.Rxg5 Rxc4
30.Rg7 Rf4 31.Rxf4 exf4 32.Kg1 Kd7 33.Rg4 f3 34.Rb4 b5 35.Rb3 Nc6 36.Ne4 Rd1+
37.Kf2 Ne5 38.h4 Rd4 39.Ng5 Rxh4 40.Ra3 Rh2+ 41.Kf1 Rxb2 42.Rxa6 Nd3  0-1

[Event "Timisoara"]
[Site "Timisoara"]
[Date "1987.??.??"]
[Round "?"]
[White "Przewoznik, Jan"]
[Black "Ionescu, Constantin"]
[Result "1/2-1/2"]
[WhiteElo "2430"]
[BlackElo "2520"]

1.e4 c5 2.Nf3 e6 3.d4 cxd4 4.Nxd4 a6 5.Bd3 Nf6 6.O-O d6 7.c4 b6 8.Nc3 Bb7
9.Kh1 g6 10.Be3 Bg7 11.Qe2 Nbd7 12.Rfd1 O-O 13.f3 Rc8 14.Qf2 Ne5 15.Nb3 Nfd7
16.Bf1 Nxc4 17.Bxc4 Rxc4 18.Rxd6 Rc6 19.Rxc6 Bxc6 20.Rd1 Qc7 21.Bd4 Bh6 22.Be3 Bg7
23.Bd4 Bh6 24.Be3 Bg7  1/2-1/2

[Event "USA-chJ"]
[Site "USA"]
[Date "1987.??.??"]
[Round "?"]
[White "Rachels, Stuart"]
[Black "Sherzer, Alex"]
[Result "1-0"]
[WhiteElo "2355"]
[BlackElo "2355"]

1.e4 c5 2.Nf3 e6 3.d4 cxd4 4.Nxd4 a6 5.Bd3 Nf6 6.O-O d6 7.c4 Be7 8.Nc3 O-O
9.Kh1 Nbd7 10.f4 Qc7 11.Qe2 b6 12.Bd2 Bb7 13.Rac1 Rac8 14.b4 Qb8 15.Rce1 Rcd8
16.f5 e5 17.Nf3 Rfe8 18.a3 Bf8 19.Nd5 h6 20.g4 b5 21.Nxf6+ Nxf6 22.g5 bxc4
23.Bc2 Nxe4 24.Bxe4 d5 25.Bc2 d4 26.Be4 c3 27.gxh6 Bxe4 28.Qxe4 cxd2 29.Nxd2 Qa8
30.Qxa8 Rxa8 31.Ne4 gxh6 32.Nf6+ Kg7 33.Nxe8+ Rxe8 34.f6+ Kg6 35.Re4 h5 36.Rfe1 Kxf6
37.Rxd4 Rc8 38.Rd5 Re8 39.Rf1+ Ke6 40.Rxe5+  1-0

[Event "Vrsac"]
[Site "Vrsac"]
[Date "1987.??.??"]
[Round "?"]
[White "Ivanovic, Bozidar"]
[Black "Cvitan, Ognjen"]
[Result "0-1"]
[WhiteElo "2535"]
[BlackElo "2510"]

1.e4 c5 2.Nf3 e6 3.d4 cxd4 4.Nxd4 a6 5.Bd3 Nf6 6.O-O Qc7 7.Qe2 d6 8.c4 g6
9.Nc3 Bg7 10.Rd1 O-O 11.Bc2 b6 12.Nf3 Nfd7 13.Be3 Nc6 14.Rac1 Bb7 15.Bb1 Na5
16.b3 Rfd8 17.Qd2 Nc5 18.Bh6 Naxb3 19.axb3 Nxb3 20.Qe3 Nxc1 21.Bxg7 Kxg7
22.Rxc1 Qc5 23.Qd2 Rac8 24.h4 Qa3 25.Ne2 Qa5 26.Rc3 b5 27.Qb2 e5 28.Ra3 Qb6
29.cxb5 axb5 30.h5 Rc5 31.hxg6 hxg6 32.Ng5 Bc8 33.Ba2 Rf8 34.Rg3 Qa5 35.Nf3 Qa4
36.Bb3 Qxe4 37.Ng5 Qb4 38.Qb1 Bg4 39.f4 Bf5 40.Qd1 exf4 41.Rf3 Bg4 42.Qa1+ Re5
43.Rxf4 Qxb3  0-1

[Event "Warsaw zt-A"]
[Site "Warsaw"]
[Date "1987.??.??"]
[Round "?"]
[White "Kuczynski, Robert"]
[Black "Gheorghiu, Florin"]
[Result "1/2-1/2"]
[WhiteElo "2450"]
[BlackElo "2540"]

1.e4 c5 2.Nf3 e6 3.d4 cxd4 4.Nxd4 a6 5.Bd3 Nf6 6.O-O d6 7.c4 Bd7 8.Nc3 Nc6
9.Nxc6 Bxc6 10.Qe2 Be7 11.Re1 O-O 12.Nd5 Bxd5 13.cxd5 exd5 14.exd5 Re8 15.Bg5 g6
16.Bxf6 Bxf6 17.Qd2 Qb6 18.Red1 Rac8 19.g3 Rc5 20.Bf1 Rec8 21.Bh3 R8c7 22.Rac1 Qxb2
23.Qxb2 Bxb2 24.Rxc5 Rxc5 25.a4 b5 26.axb5 axb5 27.Bd7 b4 28.Ba4 Ra5 29.Bc2 Ra2
30.Bb3 Ra3 31.Rd3 Bc3 32.Bc4 Kg7 33.Kg2 Kf8 34.Re3 Kg7 35.Rd3 b3 36.Rxc3 b2
37.Rxa3 b1=Q 38.Be2 Qb2 39.Re3 Qd4 40.Bf3 Kf8 41.h4 h6 42.Re4 Qc5 43.Re1 Kg7
44.Re7 Qd4 45.Kg1 Qf6 46.Re3 Qa1+ 47.Kg2 Qd4 48.Re7 g5 49.hxg5 hxg5 50.g4 Qc4
51.Re3 Qf4 52.Re1 Qf6 53.Re3 Qd4 54.Re7 Kf8 55.Re4 Qa1 56.Re3 Kg7 57.Re7 Qb2
58.Re3 Kg6 59.Be4+ Kf6 60.Bf3  1/2-1/2

[Event "Almada"]
[Site "Almada"]
[Date "1988.??.??"]
[Round "3"]
[White "Almeida, R."]
[Black "Fernandes, Antonio"]
[Result "0-1"]
[WhiteElo "2320"]
[BlackElo "2400"]

1.e4 c5 2.Nf3 e6 3.d4 cxd4 4.Nxd4 a6 5.Bd3 Nf6 6.O-O Qc7 7.Qe2 Bd6 8.f4 Bc5
9.Be3 Qb6 10.c3 Nc6 11.Kh1 d5 12.e5 Nd7 13.Qf2 g6 14.a4 Nxd4 15.cxd4 Bb4
16.Nd2 Nb8 17.g4 Nc6 18.f5 gxf5 19.gxf5 Bxd2 20.Qxd2 Bd7 21.fxe6 Bxe6 22.Rac1 Na5
23.Qg2 Nc6 24.Rc5 O-O-O 25.b4 Rhg8 26.Qd2 Bh3 27.b5 Rg7 28.bxc6 Bxf1 29.Bxf1 Qb1
30.cxb7+ Kxb7 31.Rc1 Qe4+ 32.Bg2 Rxg2 33.Qxg2 Qxe3 34.Rb1+ Ka7 35.Rf1 Rd7
36.Qg4 Rb7 37.Qf4 Qd3 38.h4 Qh3+ 39.Kg1 Qd3  0-1

[Event "Bad Woerishofen op"]
[Site "Bad Woerishofen"]
[Date "1988.??.??"]
[Round "6"]
[White "Wahls, Matthias"]
[Black "Dizdarevic, Emir"]
[Result "1/2-1/2"]
[WhiteElo "2440"]
[BlackElo "2485"]

1.e4 c5 2.Nf3 e6 3.d4 cxd4 4.Nxd4 a6 5.Bd3 Nf6 6.O-O Qc7 7.Qe2 d6 8.f4 Nbd7
9.c4 Be7 10.Nf3 b6 11.Nc3 Bb7 12.e5 Ng4 13.h3 Nh6 14.exd6 Qxd6 15.Be3 O-O
16.Rad1 Qc7 17.Kh1 Nc5 18.Bb1 Rad8 19.Nd4 g6 20.a3 Nd7 21.Bg1 Nf6 22.Bh2 Nf5
23.Nxf5 exf5 24.Rfe1 Bd6 25.Qf1 Nh5 26.Nd5 Bxd5 27.cxd5 Bxf4 28.Bxf4 Qxf4
29.Qxa6 Rd6 30.Kg1 Rfd8 31.Ba2 Nf6 32.Qb5 Ne4 33.Qe2 Rc8 34.Qe3 Qe5 35.Re2 h5
36.Rde1 Kg7 37.Bb1 Rc4 38.Ba2 Rc5 39.Bb1 Rc4 40.Ba2 Rd4 41.Qc1 Rd3 42.Bb1 Rd4
43.Qc7 Qxd5 44.Bxe4 fxe4 45.Rxe4 Rxe4 46.Rxe4 Qxe4 47.Qxd6 Qb1+ 48.Kh2 Qxb2
49.Qe7 Qf6 50.Qb4 Qe5+ 51.Kh1 Qa1+ 52.Kh2 Qe5+ 53.Kh1 Qf6 54.a4 Kh7 55.Qb5 Kg7
56.Qc4 Qe5 57.Qb3 Qd4 58.Qa2 Qb4 59.Qa1+ f6 60.Qd1 Kh6 61.Qd8 Kg5 62.Qd5+ Kf4
63.Qf3+ Ke5 64.Qg3+ Kf5 65.Qd3+ Kg5 66.Qe3+ Qf4 67.Qxb6 Qxa4 68.Qc5+ Kf4
69.Qd6+ Kg5 70.Qc5+  1/2-1/2

[Event "Badenweiler op"]
[Site "Badenweiler"]
[Date "1988.??.??"]
[Round "5"]
[White "Sonntag, Hans Hubert"]
[Black "Herbrechtsmeier, Christof"]
[Result "1-0"]
[WhiteElo "2375"]
[BlackElo "2305"]

1.d4 e6 2.Nf3 c5 3.e4 cxd4 4.Nxd4 a6 5.Bd3 Bc5 6.Nb3 Ba7 7.c4 Qc7 8.Nc3 d6
9.Qg4 Kf8 10.Qe2 Nf6 11.Bf4 e5 12.Be3 Bxe3 13.Qxe3 Be6 14.Rc1 Nbd7 15.Nd5 Bxd5
16.cxd5 Qd8 17.O-O Ne8 18.Qd2 g5 19.Na5 Rb8 20.b4 Kg7 21.Qe3 Rg8 22.Be2 f5
23.exf5 Kh8 24.Bh5 Ng7 25.Bf7 Rf8 26.Be6 Nxf5 27.Qh3 Nd4 28.Bxd7 Ne2+ 29.Kh1 Nxc1
30.Rxc1 Rxf2 31.Bf5 Qe7 32.Kg1 g4 33.Qxh7+ Qxh7 34.Bxh7 Rxa2 35.Bf5 Rf8 36.Bxg4 Rf4
37.h3 Rxb4 38.Rc8+ Kg7 39.Rc7+ Kf6 40.Nxb7 e4 41.Nxd6 Ke5 42.Nc4+ Kxd5 43.Ne3+ Kd6
44.Rd7+ Kc6 45.Rd1 a5 46.h4 Rb8 47.Rd4 a4 48.Bd7+ Kc5 49.Rc4+ Kd6 50.Bxa4 Rg8
51.Rxe4  1-0

[Event "Barcelona"]
[Site "Barcelona"]
[Date "1988.??.??"]
[Round "?"]
[White "Gil Gonzales, Jose Manuel"]
[Black "Eslon, Jaan"]
[Result "1-0"]
[WhiteElo "2300"]
[BlackElo "2395"]

1.e4 c5 2.Nf3 e6 3.d4 cxd4 4.Nxd4 a6 5.Bd3 Bc5 6.Nb3 Ba7 7.Nc3 Nc6 8.Qe2 d6
9.Be3 Bxe3 10.Qxe3 Nf6 11.O-O O-O 12.Rad1 b5 13.f4 b4 14.e5 Ng4 15.Qh3 Nh6
16.Ne4 dxe5 17.fxe5 Qb6+ 18.Kh1 Nxe5 19.Nf6+ Kh8 20.Nxh7 Nxd3 21.Qxd3 Re8
22.Ng5 f5 23.Qh3 Qc7 24.Qh5 Bb7 25.Qg6 Kg8 26.Nd4 Qe5 27.Ndxe6 Rxe6 28.Qxe6+ Qxe6
29.Nxe6 Be4 30.Rd7 Nf7 31.h3 a5 32.c4 bxc3 33.bxc3 g6 34.Nc5 Bc6 35.Rc7 Bd5
36.a3 Kg7 37.Rd1 Ba2 38.Rd2 Bc4 39.Nb7 Bb3 40.c4 Kf6 41.Nc5 a4 42.Rb2 Ne5
43.Nxb3 Rb8 44.Rb1 axb3 45.Rc5 b2 46.Rb5 Ra8 47.R5xb2 Nxc4 48.Rc2 Nxa3 49.Rb6+ Kg5
50.Rcc6 Kf4 51.Rb4+ Kg5 52.Rb3 Kh5 53.Rcc3  1-0

[Event "Bargteheide op"]
[Site "Bargteheide"]
[Date "1988.??.??"]
[Round "5"]
[White "Maus, Soenke"]
[Black "Dankert, Peter"]
[Result "1-0"]
[WhiteElo "2425"]
[BlackElo "2255"]

1.e4 c5 2.Nf3 e6 3.d4 cxd4 4.Nxd4 a6 5.Bd3 Nf6 6.O-O d6 7.c4 Be7 8.Qe2 O-O
9.Nc3 b6 10.Kh1 Qc7 11.f4 Nbd7 12.Bd2 Bb7 13.Rac1 Rfe8 14.b4 Rad8 15.a3 Qb8
16.Nb3 Qa8 17.Rfd1 g6 18.Be1 Nh5 19.Bd2 Nhf6 20.Kg1 Qb8 21.Be3 Rc8 22.Nd2 Bf8
23.h3 Bg7 24.Na4 Ba8 25.Rb1 Bc6 26.b5 axb5 27.cxb5 Ba8 28.Nc4 Rxc4 29.Bxc4 Nxe4
30.Bd3 f5 31.Rbc1 Qa7 32.Bxe4 Bxe4 33.Rxd6 Nf6 34.Nxb6 Qxa3 35.Rdd1 Bf8 36.Nd7 Nd5
37.Rxd5 exd5 38.Nf6+ Kf7 39.Nxe8 Kxe8 40.b6  1-0

[Event "GMA-Open"]
[Site "Belgrade"]
[Date "1988.??.??"]
[Round "?"]
[White "Timoshenko, Georgy"]
[Black "Abramovic, Bosko"]
[Result "1-0"]
[WhiteElo "2515"]
[BlackElo "2445"]

1.e4 c5 2.Nf3 e6 3.d4 cxd4 4.Nxd4 a6 5.Bd3 g6 6.c4 Bg7 7.Be3 Ne7 8.Nc3 O-O
9.O-O d5 10.exd5 exd5 11.Rc1 Nbc6 12.Nxc6 bxc6 13.Na4 d4 14.Bg5 f6 15.Bf4 g5
16.Bd2 Rb8 17.Qc2 h6 18.a3 f5 19.Rfe1 Ng6 20.h3 a5 21.Re2 Ne5 22.f4 Nxd3
23.Qxd3 g4 24.Rce1 gxh3 25.Qxh3 Qd6 26.Qg3 c5 27.Re5 Rf6 28.Rd5 Qc6 29.Nxc5 Rxb2
30.Qd3 Bf8 31.Nb3 Ba6 32.Nxa5 Qxd5 33.Qg3+ Kf7 34.cxd5 Rxd2 35.Nc6 Bd6 36.Nd8+ Kf8
37.Ne6+ Ke8 38.Qg8+ Kd7  1-0

[Event "GMA-Open"]
[Site "Belgrade"]
[Date "1988.??.??"]
[Round "?"]
[White "Lazic, Dragoljub"]
[Black "Miladinovic, Igor"]
[Result "0-1"]
[WhiteElo "2315"]
[BlackElo "2380"]

1.e4 c5 2.Nf3 e6 3.d4 cxd4 4.Nxd4 a6 5.Bd3 Qc7 6.O-O Nf6 7.Qe2 d6 8.c4 g6
9.Nc3 Bg7 10.Kh1 O-O 11.f4 Nbd7 12.Be3 b6 13.Rac1 Nc5 14.Bb1 Bb7 15.Bg1 Rac8
16.b4 Ncd7 17.Bd3 Qb8 18.Nb3 Qa8 19.a4 Nh5 20.a5 Bh6 21.Be3 f5 22.Qd2 Ndf6
23.exf5 gxf5 24.axb6 Ng4 25.Rc2 e5 26.Nd5 Bxd5 27.cxd5 Rxc2 28.Bxc2 Qd8 29.Qe1 exf4
30.Bg1 Ng3+ 31.hxg3 Qg5 32.Qe6+ Rf7 33.Qe8+ Bf8 34.Qd8 Rf6  0-1

[Event "GMA-Open"]
[Site "Belgrade"]
[Date "1988.??.??"]
[Round "?"]
[White "Van der Wiel, John TH"]
[Black "Klinger, Josef"]
[Result "1-0"]
[WhiteElo "2540"]
[BlackElo "2475"]

1.e4 c5 2.Nf3 e6 3.d4 cxd4 4.Nxd4 a6 5.Bd3 Nf6 6.O-O Qc7 7.Qe2 Bd6 8.Kh1 Nc6
9.Nxc6 dxc6 10.f4 Nd7 11.e5 Be7 12.Be3 b5 13.Nd2 Bb7 14.c4 Nc5 15.Bxc5 Bxc5
16.Ne4 Qb6 17.f5 Bc8 18.f6 g6 19.cxb5 cxb5 20.Nxc5 Qxc5 21.Be4 Rb8 22.Rac1 Qa7
23.Qd2  1-0

[Event "GMA-Open"]
[Site "Belgrade"]
[Date "1988.??.??"]
[Round "?"]
[White "Rasidovic, Sead"]
[Black "Hulak, Krunoslav"]
[Result "0-1"]
[WhiteElo "2370"]
[BlackElo "2490"]

1.e4 c5 2.Nf3 e6 3.d4 cxd4 4.Nxd4 a6 5.Bd3 Nf6 6.O-O Qc7 7.Qe2 d6 8.c4 g6
9.Nc3 Nbd7 10.f4 Bg7 11.Be3 O-O 12.Rac1 b6 13.Kh1 Bb7 14.b4 Rac8 15.Nb3 Qb8
16.Bg1 Nh5 17.Nb1 Bh6 18.Be3 f5 19.exf5 exf5 20.c5 dxc5 21.Bc4+ Kh8 22.bxc5 Nxf4
23.Rxf4 Bxf4 24.Bd4+ Be5 25.Be6 Bxd4 26.Nxd4 Rxc5 27.Re1 Re5 28.Qd2 Rxe1+
29.Qxe1 Qe5  0-1

[Event "GMA-Open"]
[Site "Belgrade"]
[Date "1988.??.??"]
[Round "?"]
[White "Rantanen, Yrjo A"]
[Black "Dizdarevic, Emir"]
[Result "1-0"]
[WhiteElo "2370"]
[BlackElo "2495"]

1.e4 c5 2.Nf3 e6 3.d4 cxd4 4.Nxd4 a6 5.Bd3 Nf6 6.O-O Qc7 7.Be3 Nc6 8.Nxc6 bxc6
9.c4 c5 10.Nc3 Be7 11.f4 d6 12.a3 O-O 13.Kh1 Nd7 14.b4 Bb7 15.Qc2 Rfe8 16.Rab1 Rab8
17.Rb3 Ba8 18.Rfb1 Bf8 19.Na4 Qc6 20.b5 Qc8 21.e5 f5 22.exd6 Bxd6 23.Rd1 Qc7
24.Qd2 Nf6 25.h3 Nh5 26.Qf2 axb5 27.Rxb5 Bxf4 28.Bxf4 Qxf4 29.Qxf4 Nxf4 30.Bf1 Nxh3
31.Rdb1 Rbd8 32.Nxc5 Nf4 33.Nb7 Rd2 34.c5 Rc2 35.a4 Bxb7 36.Rxb7 Rxc5 37.Bb5 Ra8
38.Bd7 Kf7 39.Re1 Kf6 40.g3 Nd3 41.Rxe6+ Kg5 42.Bb5 g6 43.Bxd3 Rxa4 44.Rxh7 Rc3
45.Rg7 Rxd3 46.Rgxg6+ Kh5 47.Kg2 f4 48.Rh6+ Kg5 49.Reg6+ Kf5 50.g4+ Ke4 51.Re6+ Kd4
52.Rd6+ Kc3 53.Rxd3+ Kxd3 54.Kf3 Kd4 55.Kxf4 Kd5+ 56.Kf5 Ra1 57.Rf6 Rg1 58.g5 Rg2
59.Kg6 Ke5 60.Kh6 Rg1 61.Ra6 Kf5 62.g6 Rb1 63.Ra2  1-0

[Event "GMA-Open"]
[Site "Belgrade"]
[Date "1988.??.??"]
[Round "?"]
[White "Rodriguez, Amador"]
[Black "Vasiukov, Evgeni"]
[Result "1-0"]
[WhiteElo "2550"]
[BlackElo "2485"]

1.e4 c5 2.Nf3 e6 3.d4 cxd4 4.Nxd4 a6 5.Bd3 Qc7 6.O-O Nf6 7.c4 Bc5 8.Nb3 Be7
9.Nc3 d6 10.f4 Nbd7 11.a4 b6 12.a5 Rb8 13.Qe2 O-O 14.Be3 bxa5 15.Nxa5 Nc5
16.Bb1 Nfd7 17.Ra2 Bf6 18.Qd2 Nb7 19.Nxb7 Rxb7 20.Rd1 Rd8 21.Qc2 Nf8 22.b3 Rb8
23.Na4 Bd7 24.Qd3 Bc6 25.Bc2 Ng6 26.Nc3 Qb7 27.Ne2 h6 28.Ng3 d5 29.cxd5 Bb5
30.Qd2 exd5 31.e5 Be7 32.Nf5 d4 33.Bxd4 Bc5 34.Qf2 Rxd4 35.Nxd4 Ne7 36.Kh1 Rd8
37.Qf3 Nc6 38.Nxb5 Qxb5 39.Rxd8+ Nxd8 40.Qd3 Qb8 41.Rxa6 g6 42.Qd5 Bf8 43.Rxg6+ Kh8
44.Rg3 Qb4 45.Qe4  1-0

[Event "Belgrade (Women)"]
[Site "Belgrade"]
[Date "1988.??.??"]
[Round "6"]
[White "Micic, Snezana"]
[Black "Bojkovic, Natasa"]
[Result "0-1"]
[WhiteElo "2080"]
[BlackElo "2220"]

1.e4 c5 2.Nf3 e6 3.d4 cxd4 4.Nxd4 a6 5.Bd3 Nf6 6.O-O Qc7 7.Qe2 d6 8.c4 g6
9.Nc3 Bg7 10.Rd1 O-O 11.Bc2 Nbd7 12.Nf3 Ng4 13.Nd2 Nde5 14.h3 Nf6 15.f4 Ned7
16.Nf3 b6 17.Bd2 Bb7 18.Rac1 Rac8 19.b3 Rfe8 20.Bb1 Qb8 21.g4 Qa8 22.b4 Bf8
23.a3 Rc7 24.g5 Nh5 25.Kh2 Rcc8 26.Qd3 Rcd8 27.Re1 Bg7 28.Nh4 Qb8 29.Rf1 Bc6
30.Ne2 d5 31.cxd5 Bb5 32.Qf3 exd5 33.e5 Nxe5 34.fxe5 Bxe2 35.Qxe2 Rxe5 36.Qg4 Re2+  0-1

[Event "Berlin op"]
[Site "Berlin-West"]
[Date "1988.??.??"]
[Round "1"]
[White "Friedrich, Norbert"]
[Black "Barlov, Dragan"]
[Result "0-1"]
[WhiteElo "2340"]
[BlackElo "2485"]

1.e4 c5 2.Nf3 e6 3.d4 cxd4 4.Nxd4 a6 5.Bd3 Qc7 6.O-O Nf6 7.c4 d6 8.Nc3 Nbd7
9.Be3 g6 10.f3 Bg7 11.Qd2 O-O 12.Rfd1 Rd8 13.Bf1 b6 14.Nb3 Ne5 15.Rac1 Rb8
16.c5 bxc5 17.Nxc5 Nc6 18.Nxa6 Bxa6 19.Bxa6 d5 20.e5 d4 21.exf6 dxe3 22.Qxe3 Bxf6
23.Kh1 Rxb2 24.Ne4 Rxd1+ 25.Rxd1 Bd4 26.Qd3 Qb6 27.Bc4 Nb4 28.Qa3 Nc2 29.Qa4 Ne3
30.Qe8+ Kg7 31.Ng5 Qc7 32.Bxe6 Nxd1  0-1

[Event "Berlin op"]
[Site "Berlin-West"]
[Date "1988.??.??"]
[Round "2"]
[White "Domont, Alexandre"]
[Black "Tolnai, Tibor"]
[Result "0-1"]
[WhiteElo "2260"]
[BlackElo "2485"]

1.e4 c5 2.Nf3 e6 3.d4 cxd4 4.Nxd4 a6 5.Bd3 Nc6 6.Nxc6 dxc6 7.O-O e5 8.Nd2 Bc5
9.Nc4 Qe7 10.Be3 Nf6 11.Qe1 b5 12.Bxc5 Qxc5 13.b4 Qd4 14.Na5 c5 15.bxc5 Qxc5
16.a4 b4 17.Nb3 Qe7 18.c3 Be6 19.cxb4 Bxb3 20.Qc3 Qe6 21.Rfb1 Rc8 22.Qxb3 Rc1+
23.Rxc1 Qxb3 24.Bxa6 O-O 25.b5 Nxe4 26.a5 Qb2 27.b6 Qxf2+ 28.Kh1 Qe3 29.h3 g5
30.Bc8 g4 31.Bxg4 f5 32.b7 fxg4 33.Rc8 Nf2+ 34.Kg1 Nd1+ 35.Kh1 Qe1+ 36.Kh2 g3+  0-1

[Event "Berlin op"]
[Site "Berlin-West"]
[Date "1988.??.??"]
[Round "2"]
[White "Savova, Stefka"]
[Black "Gheorghiu, Florin"]
[Result "0-1"]
[WhiteElo "2170"]
[BlackElo "2485"]

1.e4 c5 2.Nf3 e6 3.d4 cxd4 4.Nxd4 a6 5.Bd3 Nf6 6.O-O Qc7 7.Nc3 d6 8.Kh1 g6
9.f4 Bg7 10.f5 Nc6 11.Nxc6 bxc6 12.Bg5 Nd7 13.fxe6 fxe6 14.Qg4 Ne5 15.Qh4 Rb8
16.Rab1 c5 17.Qh3 Qd7 18.Be2 Nf7 19.Bf6 O-O 20.Bxg7 Kxg7 21.Qh4 Ne5 22.Rxf8 Kxf8
23.Rf1+ Kg8 24.Qf6 Qe8 25.b3 Rb7 26.Qg5 Rf7 27.Rxf7 Nxf7 28.Qf6 Ne5 29.Na4 Qf8
30.Qxf8+ Kxf8 31.Kg1 Bb7 32.Bd3 Ke7 33.Kf2 g5 34.h3 h5 35.g3 h4 36.gxh4 gxh4
37.Ke3 Kf6 38.Kf4 Bc8 39.Bf1 Bb7 40.Bd3 a5 41.Nb2 Bc8 42.Bf1 Bd7 43.Be2 d5
44.Bf1 d4 45.Nd1 Nc6 46.Bb5 e5+ 47.Kf3 Ke7 48.Bxc6 Bxc6 49.Nf2 Bd7 50.Ng4 Kd6
51.Nf2 a4 52.Ke2 c4 53.bxc4 a3 54.Kd3  0-1

[Event "Berlin op"]
[Site "Berlin-West"]
[Date "1988.??.??"]
[Round "2"]
[White "Link, Michael"]
[Black "Ionescu, Constantin"]
[Result "0-1"]
[WhiteElo "2160"]
[BlackElo "2465"]

1.e4 c5 2.Nf3 e6 3.d4 cxd4 4.Nxd4 a6 5.Bd3 Nf6 6.O-O Qc7 7.Qe2 d6 8.c4 g6
9.f4 Bg7 10.Nf3 O-O 11.Nc3 Nbd7 12.Kh1 b6 13.Bd2 Bb7 14.Rae1 Rac8 15.Qf2 Qb8
16.Qh4 Rfe8 17.Ng5 Qa8 18.Re2 h6 19.Nxf7 Kxf7 20.e5 dxe5 21.fxe5 Nxe5 22.Be4 Rxc4
23.Bxh6 Rh8 24.Qg5 Rxh6 25.Qxe5 Bxe4 26.Nxe4 Rxe4 27.Rxe4 Qd5 28.Qc7+ Kg8
29.Re5 Rxh2+  0-1

[Event "Berlin op"]
[Site "Berlin-West"]
[Date "1988.??.??"]
[Round "2"]
[White "Fusthy, Zsolt"]
[Black "Hulak, Krunoslav"]
[Result "0-1"]
[WhiteElo "2280"]
[BlackElo "2490"]

1.e4 c5 2.Nf3 e6 3.d4 cxd4 4.Nxd4 a6 5.Bd3 Nf6 6.O-O Qc7 7.Nd2 d6 8.f4 g6
9.N2f3 Bg7 10.Qe1 Nbd7 11.Bd2 O-O 12.Qh4 e5 13.fxe5 dxe5 14.Nb3 Nh5 15.Kh1 h6
16.Bb4 Re8 17.Nbd2 Nc5 18.Bc4 Be6 19.Qe1 b5 20.Qe3 Bxc4 21.Nxc4 Nxe4 22.Qxe4 Qxc4
23.Qxc4 bxc4 24.Nd2 Rac8 25.Ne4 Rc6 26.Rad1 f5 27.Rd6 Rec8 28.Rxc6 Rxc6 29.Nc3 Nf6
30.Rd1 e4 31.Rd8+ Kf7 32.Kg1 g5 33.Kf1 h5 34.Ke2 h4 35.h3 Ke6 36.a3 Nh5 37.Nd5 Bf6
38.Nxf6 Nxf6 39.Bc3 Nd5 40.Rg8 Nxc3+ 41.bxc3 Kf6 42.Rf8+ Ke5 43.Ke3 f4+ 44.Ke2 e3
45.Re8+ Re6 46.Rc8 Rd6 47.Rc5+ Rd5 48.Rxc4 Rd2+ 49.Kf1 Rf2+ 50.Kg1 Rxc2  0-1

[Event "Berlin op"]
[Site "Berlin-West"]
[Date "1988.??.??"]
[Round "2"]
[White "Bokelbrink, Uwe"]
[Black "Grbovic, Veselin"]
[Result "1-0"]
[WhiteElo "2060"]
[BlackElo "2280"]

1.e4 c5 2.Nf3 e6 3.d4 cxd4 4.Nxd4 a6 5.Bd3 Nc6 6.Nxc6 dxc6 7.Be3 e5 8.Nd2 Nf6
9.Nc4 Ng4 10.Bb6 Qg5 11.h4 Qe7 12.Qe2 Be6 13.O-O-O Bxc4 14.Bxc4 Nf6 15.Rh3 Nd7
16.Bc7 Nc5 17.Bd6 Qf6 18.Bxc5 Bxc5 19.Rf3 Qh6+ 20.Kb1 O-O 21.Bxf7+ Rxf7 22.Rxf7 Kxf7
23.Qc4+ Qe6 24.Qxc5 Re8 25.f3 Kg8 26.Qb4 Qg6 27.Qxb7 Qxg2 28.Qxc6 Rf8 29.Qe6+ Kh8
30.Qf7 Rc8 31.Rc1 h6 32.Qf5 Re8 33.h5 Qf2 34.Rd1 Qe2 35.Qd7 Rf8 36.Rg1 Rg8
37.Qg4 Qe3 38.a3 Qc5 39.Rg2 Qc4 40.b3 Qc5 41.a4 a5 42.Qd7 Qe3 43.Qd3 Qe1+
44.Kb2 Qh1 45.Rd2 Qxh5 46.Qd5 Qxf3 47.Qxe5 Rc8 48.Qxa5 Qxe4 49.Rd8+ Rxd8
50.Qxd8+ Kh7 51.Qd3 Qxd3 52.cxd3 g5 53.Kc2 h5 54.Kd2 g4 55.Ke2 h4 56.Kf2 Kg6
57.a5 g3+ 58.Kg2 Kf5 59.a6 Kg4 60.a7 h3+ 61.Kg1 g2 62.Kh2 Kf3 63.a8=Q+ Kf2  1-0

[Event "Berlin op"]
[Site "Berlin-West"]
[Date "1988.??.??"]
[Round "4"]
[White "Erenska Radzewska, Hanna"]
[Black "Tolnai, Tibor"]
[Result "1/2-1/2"]
[WhiteElo "2220"]
[BlackElo "2485"]

1.e4 c5 2.Nf3 e6 3.d4 cxd4 4.Nxd4 a6 5.Bd3 Nc6 6.Nxc6 dxc6 7.O-O e5 8.Be3 Nf6
9.h3 Be7 10.Nd2 Be6 11.a4 O-O 12.Qe2 b5 13.Rfd1 Nd7 14.axb5 cxb5 15.c3 Qc7
16.Bc2 Nc5 17.Bxc5 Bxc5 18.Bb3 Qb6 19.Bxe6 Qxe6 20.Nf3 Rfd8 21.Rxd8+ Rxd8
22.Rd1 Rd6 23.Rd2 h6 24.Nh4 g6 25.Nf3 Kg7 26.Qd1 a5 27.Rxd6 Qxd6 28.Qb3 b4
29.cxb4 Bxb4 30.Qc2 Qe7 31.b3 Qe6 32.Qd3 f6 33.Nh4 Qf7 34.Qc2 Qa7 35.Nf3 Bc5
36.Nh4 h5 37.g3 Qb6 38.Kg2 Bb4 39.Kf1 Qb7 40.Qc4 Qd7 41.Kg2 Qa7 42.Kf1 Bc5
43.Qc2 Bb4 44.Qc4 Qb7 45.Kg1 Be7 46.Nxg6  1/2-1/2

[Event "Berlin op"]
[Site "Berlin-West"]
[Date "1988.??.??"]
[Round "5"]
[White "Nijboer, Friso"]
[Black "Bischoff, Klaus"]
[Result "1-0"]
[WhiteElo "2420"]
[BlackElo "2510"]

1.e4 c5 2.Nf3 e6 3.d4 cxd4 4.Nxd4 a6 5.Bd3 Nf6 6.O-O d6 7.f4 g6 8.Nf3 Bg7
9.a4 Nc6 10.Nc3 O-O 11.Qe1 Nd7 12.Be3 b6 13.Qg3 Nc5 14.Rad1 Qe7 15.e5 Rd8
16.a5 d5 17.f5 gxf5 18.Bg5 Qf8 19.Bxd8 Qxd8 20.Bxf5 exf5 21.Nxd5 Ne4 22.Qf4 bxa5
23.g4 Qf8 24.gxf5 Qc5+ 25.Kh1 Nf2+ 26.Rxf2 Qxf2 27.Rg1 Nxe5 28.Rxg7+ Kf8
29.Nxe5  1-0